Teatro español. (Record no. 178581)

MARC details
000 -LEADER
campo de control de longitud fija 01489nam a22003375i 4500
001 - NÚMERO DE CONTROL
campo de control 178581
003 - IDENTIFICADOR DE NÚMERO DE CONTROL
campo de control ES-MaACL
005 - FECHA Y HORA DE LA ÚLTIMA TRANSACCIÓN
campo de control 20251002162510.0
008 - DATOS DE LONGITUD FIJA--INFORMACIÓN GENERAL
campo de control de longitud fija 110608s1964 sp o |||| | spa d
080 ## - NÚMERO DE LA CLASIFICACIÓN DECIMAL UNIVERSAL
Número de la Clasificación Decimal Universal 821.134.2-2"19"
245 00 - MENCIÓN DEL TÍTULO
Título Teatro español.
Nombre de parte o sección de la obra 1962-1963 /
Mención de responsabilidad, etc. prólogo, notas y apéndice por Federico Carlos Sainz de Robles.
260 ## - PUBLICACIÓN, DISTRIBUCIÓN, ETC.
Lugar de publicación, distribución, etc. Madrid :
Nombre del editor, distribuidor, etc. Aguilar,
Fecha de publicación, distribución, etc. D. L. 1964.
300 ## - DESCRIPCIÓN FÍSICA
Extensión XXXIX, 404, [8] p. de fot. bl. y n. ;
Dimensiones 21 cm.
490 1# - MENCIÓN DE SERIE
Mención de serie Colección literaria. Novelistas, dramaturgos, ensayistas, poetas
505 80 - NOTA DE CONTENIDO CON FORMATO
Nota de contenido con formato Contiene: Micaela / Joaquín Calvo Sotelo. El concierto de San Ovidio / Antonio Buero Vallejo. La barca sin pescador / Alejandro Casona. La corbata / Alfonso Paso. Las salvajes en Puente San Gil / José Martín Recuerda
650 #4 - PUNTO DE ACCESO ADICIONAL DE MATERIA--TÉRMINO DE MATERIA
Término de materia o nombre geográfico como elemento de entrada Teatro español-
Subdivisión cronológica S.XX.
9 (RLIN) 17356
700 1# - ENTRADA AGREGADA--NOMBRE PERSONAL
Nombre de persona Sainz de Robles, Federico Carlos,
Fechas asociadas al nombre 1898-1982
9 (RLIN) 101593
700 1# - ENTRADA AGREGADA--NOMBRE PERSONAL
Nombre de persona Calvo-Sotelo, Joaquín,
Fechas asociadas al nombre 1905-1993
9 (RLIN) 33913
700 1# - ENTRADA AGREGADA--NOMBRE PERSONAL
Nombre de persona Buero Vallejo, Antonio,
Fechas asociadas al nombre 1916-2000
9 (RLIN) 32421
700 1# - ENTRADA AGREGADA--NOMBRE PERSONAL
Nombre de persona Casona, Alejandro,
Fechas asociadas al nombre 1903-1965
9 (RLIN) 171490
700 1# - ENTRADA AGREGADA--NOMBRE PERSONAL
Nombre de persona Paso, Alfonso
9 (RLIN) 89420
700 0# - ENTRADA AGREGADA--NOMBRE PERSONAL
Nombre de persona Martín Recuerda, José.
9 (RLIN) 77623
740 02 - ENTRADA AGREGADA--TÍTULO RELACIONADO/ANALÍTICO NO CONTROLADO
Título relacionado o analítico no controlado Micaela.
740 32 - ENTRADA AGREGADA--TÍTULO RELACIONADO/ANALÍTICO NO CONTROLADO
Título relacionado o analítico no controlado El concierto de San Ovidio.
740 32 - ENTRADA AGREGADA--TÍTULO RELACIONADO/ANALÍTICO NO CONTROLADO
Título relacionado o analítico no controlado La barca sin pescador.
740 32 - ENTRADA AGREGADA--TÍTULO RELACIONADO/ANALÍTICO NO CONTROLADO
Título relacionado o analítico no controlado La corbata.
740 42 - ENTRADA AGREGADA--TÍTULO RELACIONADO/ANALÍTICO NO CONTROLADO
Título relacionado o analítico no controlado Las salvajes en Puente San Gil.
830 0# - PUNTO DE ACCESO ADICIONAL DE SERIE-TÍTULO UNIFORME
Título uniforme Colección literaria. Novelistas, dramaturgos, ensayistas, poetas
9 (RLIN) 183856
852 ## - LOCALIZACIÓN
Ubicación ES-MaACL
Número de control de estantería E-15348
Encuadernación Olim P-83
Holdings
Estatus retirado Estado de pérdida Estado de daño No para préstamo Biblioteca de origen Biblioteca actual Ubicación en estantería Fecha de adquisición Fuente de adquisición Total de préstamos Signatura topográfica completa Código de barras Visto por última vez Precio de reemplazo Tipo de ítem Koha
        Biblioteca del Ateneo de Madrid Biblioteca del Ateneo de Madrid Depósito 2 08/06/2011     E-15348 1187589 23/02/2023 23/02/2023 Libro impreso